Pistas para la reconciliación y la paz
Se reflexiona sobre la realidad de la sociedad salvadoreña se indica que ésta se encuentra ante un gran desafío si es que en verdad desea superar la mentira y la impunidad en la cual se escudan muchas personas para realizar los actos que afectan a buena parte de la población salvadoreña. Esto se an...
সংরক্ষণ করুন:
| বিন্যাস: | পাঠ্য |
|---|---|
| বিষয়গুলি: | |
| ট্যাগগুলো: |
ট্যাগ যুক্ত করুন
কোনো ট্যাগ নেই, প্রথমজন হিসাবে ট্যাগ করুন!
|
MARC
| LEADER | 00000 a a2200000 04500 | ||
|---|---|---|---|
| 001 | 5758 | ||
| 003 | |||
| 040 | |||
| 245 | |a Pistas para la reconciliación y la paz | ||
| 520 | |a Se reflexiona sobre la realidad de la sociedad salvadoreña |a se indica que ésta se encuentra ante un gran desafío si es que en verdad desea superar la mentira y la impunidad en la cual se escudan muchas personas para realizar los actos que afectan a buena parte de la población salvadoreña. Esto se analiza dentro del mensaje que diera el Papa Juan Pablo II a la iglesia católica donde indica que a ésta le corresponde desempeñar un rol preponderante ya que la mayoría de la población salvadoreña vive desencantada luego de cinco años de la firma de los planes de paz |a los salvadoreños no tienen en qué ni por qué creer en nada, han ido perdiendo la poca confianza que tenían en el gobierno y en las diferentes instituciones políticas que más que un símbolo de reconciliación lo son de una confrontación permanente, interna y externamente, por ambiciones particulares de poder. Se ve como una necesidad animar la participación de la población y se estima que le corresponde a la iglesia católica asumir un liderazgo real y efectivo en este sentido. Se estima que ésta debe luchar por fomentar la verdad, la justicia y la búsqueda de una paz fundada en el respeto a los derechos humanos de todos los salvadoreños. OB/LOB | ||
| 650 | |a PLANES DE PAZ | ||
| 650 | |a PAISES EN DESARROLLO | ||
| 650 | |a DERECHOS HUMANOS | ||
| 650 | |a CONDICIONES DE VIDA | ||
| 650 | |a PROBLEMAS SOCIALES | ||
| 650 | |a JUSTICIA SOCIAL | ||
| 650 | |a IGLESIA CATOLICA | ||
| 650 | |a IDEOLOGIAS | ||
| 773 | |g número 740; páginas 11-13 | ||
| 999 | |c 26828 |d 26828 | ||
